The 2002 RICS and Macdonald & Company salary & benefits survey : research findings (Record no. 102072)

MARC details
000 -LEADER
fixed length control field 00701cam a2200229 4500
001 - CONTROL NUMBER
control field E10375
008 - FIXED-LENGTH DATA ELEMENTS--GENERAL INFORMATION
fixed length control field 000000n2002 000 0 eng u
035 ## - SYSTEM CONTROL NUMBER
System control number (Sirsi) u117972
050 ## - LIBRARY OF CONGRESS CALL NUMBER
Classification number 331.281333
110 ## - MAIN ENTRY--CORPORATE NAME
Corporate name or jurisdiction name as entry element Royal Institution of Chartered Surveyors
9 (RLIN) 4900
245 #4 - TITLE STATEMENT
Title The 2002 RICS and Macdonald & Company salary & benefits survey : research findings
260 ## - PUBLICATION, DISTRIBUTION, ETC.
Place of publication, distribution, etc. London
Name of publisher, distributor, etc. McDonalds & Co.
Date of publication, distribution, etc. 2002
300 ## - PHYSICAL DESCRIPTION
Extent 55p. ; 30cm.
520 ## - SUMMARY, ETC.
Summary, etc. Extract appeared in March 2002 CSM.
650 ## - SUBJECT ADDED ENTRY--TOPICAL TERM
Topical term or geographic name entry element RICS
650 ## - SUBJECT ADDED ENTRY--TOPICAL TERM
Topical term or geographic name entry element SALARY SURVEYS
650 ## - SUBJECT ADDED ENTRY--TOPICAL TERM
Topical term or geographic name entry element SURVEYORS
650 ## - SUBJECT ADDED ENTRY--TOPICAL TERM
Topical term or geographic name entry element SURVEYING PROFESSION
690 ## - LOCAL SUBJECT ADDED ENTRY--TOPICAL TERM (OCLC, RLIN)
Topical term or geographic name as entry element MANAGEMENT-BUSINESS MANAGEMENT
710 ## - ADDED ENTRY--CORPORATE NAME
Corporate name or jurisdiction name as entry element Macdonald and Company
9 (RLIN) 3846
942 ## - ADDED ENTRY ELEMENTS (KOHA)
Suppress in OPAC 0
Holdings
Withdrawn status Lost status Source of classification or shelving scheme Damaged status Not for loan Home library Current library Shelving location Date acquired Total Checkouts Full call number Barcode Date last seen Date last checked out Copy number Price effective from Koha item type
    Dewey Decimal Classification     London London RICS Boxes 16/05/2002 1 RICS 2002/11 30065859 06/08/2019 28/08/2009 1 06/08/2019 Archive
    Dewey Decimal Classification     London London Enquiry desk 16/05/2002   RICS 2002/11 30065863 06/08/2019   2 06/08/2019 Reference material
    Dewey Decimal Classification     London London RICS Boxes 16/05/2002 1 RICS 2002/11 30065867 06/08/2019 29/01/2003 3 06/08/2019 Book